000 00699nam a22001697a 4500
003 UA-OsUOA
001 7910
007 ta
008 20040718b un ||||| |||| 00| 0 ukr d
942 _cSA
040 _aUA-OsUOA
_cUA-OsUOA
_dUA-OsUOA
245 _aУ знак пам'яті
_b[В урочищі "Подолузиха" на території Вирівської сільради Сарнен. р-ну відкрито пам'ятний знак на місці гибелі понад 200 бійців УПА (1945р.)]
300 _aС.1
955 _a0
773 0 _w0
_tВісті Рівненщини
_dРівне
_d2004
_g№63/7 лип./
650 7 _aПам'ятники
_2UDC
999 _c294071
_d294071